|
|
|
|
| LEADER |
01277nam a22002657a 4500 |
| 001 |
42995 |
| 003 |
BD-DhAAL |
| 008 |
240903t2006 maua|||| |||| 001 0 eng d |
| 020 |
|
|
|a 0131905384
|
| 020 |
|
|
|a 9780131905382
|
| 040 |
|
|
|a BD-DhAAL
|c BD-DhAAL
|
| 082 |
|
|
|a 570
|2 23
|
| 100 |
|
|
|a Miller, Kenneth R.
|9 56720
|
| 245 |
|
|
|a Biology /
|c Kenneth R. Miller and Joseph Levine.
|
| 250 |
|
|
|a New Mexico Teacher's edition.
|
| 264 |
|
|
|a Moston, Massachusetts :
|b Pearson Prentice Hall,
|c c2006.
|
| 300 |
|
|
|a T69, 1146 pages :
|b color illustrations ;
|c 28 cm.
|
| 541 |
|
|
|a Donation from the Asia Foundation/Savar Campus Library
|e 42995, 42996
|
| 650 |
|
|
|a Biology.
|
| 700 |
|
|
|a Levine, Joseph.
|9 56721
|
| 852 |
|
|
|a Ayesha Abed Library
|
| 942 |
|
|
|2 ddc
|c BK
|
| 999 |
|
|
|c 46934
|d 46934
|
| 952 |
|
|
|0 0
|1 0
|2 ddc
|4 0
|6 570_000000000000000_MIL
|7 0
|9 76114
|a SCL
|b SCL
|c GEN
|d 2024-09-03
|e Donation from the Asia Foundation/Savar Campus Library
|l 0
|o 570 MIL
|p 3020042995
|r 2024-09-03
|t 1
|w 2024-09-03
|y BK
|x Donation from the Asia Foundation/Savar Campus Library
|
| 952 |
|
|
|0 0
|1 0
|2 ddc
|4 0
|6 570_000000000000000_MIL
|7 0
|9 76115
|a SCL
|b SCL
|c GEN
|d 2024-09-03
|e Donation from the Asia Foundation/Savar Campus Library
|l 0
|o 570 MIL
|p 3020042996
|r 2024-09-03
|t 2
|w 2024-09-03
|y BK
|x Donation from the Asia Foundation/Savar Campus Library
|